Forging and welding

Na minha lista:
Detalhes bibliográficos
Autor principal: Robert E Smith
Formato: Livro
Idioma:Undetermined
Publicado em: Illinois McNight and McNight 1967
Assuntos:
Tags: Adicionar Tag
Sem tags, seja o primeiro a adicionar uma tag!
Thư viện lưu trữ: Trung tâm Học liệu Trường Đại học Cần Thơ
LEADER 00469nam a2200181Ia 4500
001 CTU_11732
008 210402s9999 xx 000 0 und d
082 |a 671.52 
082 |b S658 
100 |a Robert E Smith 
245 0 |a Forging and welding 
245 0 |c Robert E Smith 
260 |a Illinois 
260 |b McNight and McNight 
260 |c 1967 
650 |a forging,welding 
904 |i Minh, 961102 
980 |a Trung tâm Học liệu Trường Đại học Cần Thơ